| 000 | 00839nam a2200217 i 4500 | ||
|---|---|---|---|
| 001 | 188963 | ||
| 003 | ES-MaACL | ||
| 005 | 20250824212439.0 | ||
| 008 | 190306s1964 sp |||| | spa d | ||
| 100 | 1 |
_aSchumpeter, Joseph A., _d1883-1950 _9104815 |
|
| 245 | 1 | 0 |
_aSíntesis de la evolución de la ciencia económica y sus métodos / _cJoseph A. Schumpeter ; [versión Jorge Petit Fontseré] ; prólogo de Fabián Estapé. |
| 260 |
_aVilasar de Mar, Barcelona : _bOccidente, _c1964. |
||
| 300 |
_a212 p. ; _c22 cm. |
||
| 490 | 1 |
_aLibros de economía Oikos ; _v1 |
|
| 650 | 0 | 4 |
_aEconomía- _vHistoria. _912012 |
| 700 | 1 |
_aEstapé, Fabián ( _d1923-2012) _948011 |
|
| 700 | 1 |
_aPetit Fontserè, Jordi. _991517 |
|
| 830 | 1 | 0 |
_aLibros de economía Oikos _v1 _9193243 |
| 852 |
_aES-MaACL _jP-522-Ter-1 |
||
| 999 |
_c188963 _d188963 |
||